Washington's crossing / (Record no. 1448)

000 -LEADER
fixed length control field 01696nam a22003737a 4500
001 - CONTROL NUMBER
control field 13341978
003 - CONTROL NUMBER IDENTIFIER
control field OSt
005 - DATE AND TIME OF LATEST TRANSACTION
control field 20210426064333.0
008 - FIXED-LENGTH DATA ELEMENTS--GENERAL INFORMATION
fixed length control field 030912s2004 enkab b 001 0 eng
010 ## - LIBRARY OF CONGRESS CONTROL NUMBER
LC control number 2003019858
020 ## - INTERNATIONAL STANDARD BOOK NUMBER
International Standard Book Number 0195170342 (alk. paper)
040 ## - CATALOGING SOURCE
Original cataloging agency DLC
Transcribing agency DLC
Modifying agency DLC
043 ## - GEOGRAPHIC AREA CODE
Geographic area code n-us-de
-- n-us-nj
-- n-us-pa
050 00 - LIBRARY OF CONGRESS CALL NUMBER
Classification number E263.P4
Item number F575 2004
080 ## - UNIVERSAL DECIMAL CLASSIFICATION NUMBER
Universal Decimal Classification number 94
Item number F-58
082 00 - DEWEY DECIMAL CLASSIFICATION NUMBER
Classification number 973.3/32
Edition number 22
100 1# - MAIN ENTRY--PERSONAL NAME
Personal name Fischer, David Hackett,
Dates associated with a name 1935-
245 10 - TITLE STATEMENT
Title Washington's crossing /
Statement of responsibility, etc. David Hackett Fischer.
260 ## - PUBLICATION, DISTRIBUTION, ETC.
Place of publication, distribution, etc. Oxford, England ;
-- New York :
Name of publisher, distributor, etc. Oxford University Press,
Date of publication, distribution, etc. 2004.
300 ## - PHYSICAL DESCRIPTION
Extent x, 564 p. :
Other physical details ill., maps ;
Dimensions 24 cm.
365 ## - TRADE PRICE
Price type code 35.00 USD
440 #0 - SERIES STATEMENT/ADDED ENTRY--TITLE
Title Pivotal moments in American history
504 ## - BIBLIOGRAPHY, ETC. NOTE
Bibliography, etc. note Includes bibliographical references (p. 459-486) and index.
505 0# - FORMATTED CONTENTS NOTE
Formatted contents note Three armies in America -- A cataract of disaster -- The pivot point -- The crossing -- Risking it all -- The boldest stroke.
600 10 - SUBJECT ADDED ENTRY--PERSONAL NAME
Personal name Washington, George,
Dates associated with a name 1732-1799
General subdivision Headquarters
Geographic subdivision Pennsylvania
-- Valley Forge.
651 #0 - SUBJECT ADDED ENTRY--GEOGRAPHIC NAME
Geographic name Delaware River Valley (N.Y.-Del. and N.J.)
General subdivision History
Chronological subdivision Revolution, 1775-1783.
653 ## - INDEX TERM--UNCONTROLLED
Uncontrolled term ისტორია
856 41 - ELECTRONIC LOCATION AND ACCESS
Materials specified Table of contents only
Uniform Resource Identifier <a href="http://www.loc.gov/catdir/toc/ecip048/2003019858.html">http://www.loc.gov/catdir/toc/ecip048/2003019858.html</a>
856 42 - ELECTRONIC LOCATION AND ACCESS
Materials specified Publisher description
Uniform Resource Identifier <a href="http://www.loc.gov/catdir/enhancements/fy0614/2003019858-d.html">http://www.loc.gov/catdir/enhancements/fy0614/2003019858-d.html</a>
856 42 - ELECTRONIC LOCATION AND ACCESS
Materials specified Contributor biographical information
Uniform Resource Identifier <a href="http://www.loc.gov/catdir/enhancements/fy0724/2003019858-b.html">http://www.loc.gov/catdir/enhancements/fy0724/2003019858-b.html</a>
906 ## - LOCAL DATA ELEMENT F, LDF (RLIN)
a 7
b cbc
c orignew
d 1
e ecip
f 20
g y-gencatlg
942 ## - ADDED ENTRY ELEMENTS (KOHA)
Source of classification or shelving scheme
Koha item type Books
Holdings
Withdrawn status Lost status Source of classification or shelving scheme Damaged status Not for loan Permanent location Current location Date acquired Inventory number Total Checkouts Full call number Barcode Date last seen Price effective from Koha item type
          Ken Walker International University Ken Walker International University 02/16/2021 1281   94 F-58 1281 02/16/2021 02/16/2021 Books

Powered by Koha